The Screwtape letters ; with Screwtape proposes a toast / (Record no. 9418)

MARC details
000 -LEADER
fixed length control field 01117cam a2200289Ia 4500
001 - CONTROL NUMBER
control field 32212696
003 - CONTROL NUMBER IDENTIFIER
control field OCoLC
005 - DATE AND TIME OF LATEST TRANSACTION
control field 20210113163207.0
008 - FIXED-LENGTH DATA ELEMENTS--GENERAL INFORMATION
fixed length control field 950328s1982 nyu 000 0 eng d
010 ## - LIBRARY OF CONGRESS CONTROL NUMBER
LC control number 82017262
020 ## - INTERNATIONAL STANDARD BOOK NUMBER
International Standard Book Number 0020867409
020 ## - INTERNATIONAL STANDARD BOOK NUMBER
International Standard Book Number 9780020867401
035 ## - SYSTEM CONTROL NUMBER
System control number (OCoLC)32212696
040 ## - CATALOGING SOURCE
Original cataloging agency NRM
Transcribing agency NRM
Modifying agency OCLCQ
-- YDXCP
-- OCLCG
-- OCLCQ
-- O3Y
-- ODC
050 #4 - LIBRARY OF CONGRESS CALL NUMBER
Classification number BR125
Item number .L67 1982
100 1# - MAIN ENTRY--PERSONAL NAME
Personal name Lewis, C. S.
Fuller form of name (Clive Staples),
Dates associated with a name 1898-1963.
240 10 - UNIFORM TITLE
Uniform title Screwtape letters
245 14 - TITLE STATEMENT
Title The Screwtape letters ; with Screwtape proposes a toast /
Statement of responsibility, etc. C.S. Lewis.
250 ## - EDITION STATEMENT
Edition statement Rev. ed.
260 ## - PUBLICATION, DISTRIBUTION, ETC.
Place of publication, distribution, etc. New York, NY :
Name of publisher, distributor, etc. Collier Books,
Date of publication, distribution, etc. 1982.
300 ## - PHYSICAL DESCRIPTION
Extent xv, 172 p. ;
Dimensions 18 cm.
500 ## - GENERAL NOTE
General note "Revised paperback edition"--T.p. verso.
520 ## - SUMMARY, ETC.
Summary, etc. The sort of script which is used in this book can be very easily obtained by anyone who has once learned the knack; but ill-disposed or excitable people might make a bad use of it shall not learn it from me.
650 #0 - SUBJECT ADDED ENTRY--TOPICAL TERM
Topical term or geographic name entry element Christianity
Chronological subdivision 20th century.
700 12 - ADDED ENTRY--PERSONAL NAME
Personal name Lewis, C. S.
Fuller form of name (Clive Staples),
Dates associated with a name 1898-1963.
Title of a work Screwtape proposes a toast.
942 ## - ADDED ENTRY ELEMENTS (KOHA)
Source of classification or shelving scheme Dewey Decimal Classification
Koha item type Books

No items available.


OPAC Designed and Maintained by HMC Library Team.
Copyright © HMC Library,Greater Noida, UP.
For any Suggestions/Query Contact library via Email:libhmc@gmail.com